Star ware : The amateur astronomer’s guide to choosing, buying, and using telescopes and accessories

Salvato in:
Dettagli Bibliografici
Autore principale:  Harrington, Philip S
Natura: Sách
Lingua:Undetermined
Pubblicazione:  John Wiley  2007
Soggetti:
Tags: Aggiungi Tag
Nessun Tag, puoi essere il primo ad aggiungerne! !
Thư viện lưu trữ: Trung tâm Thư viện - Trường Đại học Công nghiệp TP. Hồ Chí Minh
LEADER 00552nam a2200157Ia 4500
001 UIH_04087
008 231011s9999 xx 000 0 und d
082 |a  522.2 
100 |a  Harrington, Philip S 
245 0 |a  Star ware : The amateur astronomer’s guide to choosing, buying, and using telescopes and accessories 
245 0 |c  Harrington, Philip S 
260 |b  John Wiley 
260 |c  2007 
650 |a  Kính thiên văn;  
927 |a Sách 
980 |a Trung tâm Thư viện - Trường Đại học Công nghiệp TP. Hồ Chí Minh